000
00286nam a22001337a 4500
003
SGT
082
_a
616.89
_b
C12K
100
_a
KLYKYLO, WILLIAM M.
245
_a
CLINICAL CHILD PSYCHIATRY
260
_a
UK
_b
WILEY
_c
2012
300
_a
552
650
_a
PSYCHIATRY
942
_2
ddc
_c
BK
999
_c
14599
_d
14599